|
|
|
|
| LEADER |
00000cam a2200000 i 4500 |
| 001 |
1/75097 |
| 008 |
960516s1978 gr | ||| |||| ||gre|| |
| 035 |
|
|
|a 1988
|b 2
|c Καϊλα
|l 10032028
|
| 035 |
|
|
|a 1986
|c Αγορά
|
| 035 |
|
|
|a 1987
|c Αγορά
|
| 040 |
|
|
|a GR-MY-UA
|b gre
|e aacr
|
| 041 |
0 |
|
|a gre
|
| 082 |
7 |
|
|a 370.15
|2 (22)
|
| 100 |
1 |
|
|a Μαραγκουδάκης, Γιώργος Π.
|
| 245 |
1 |
0 |
|a Οικοδόμηση της γνώσεως και διδασκαλία :
|b συμβολή στην παιδαγωγική ψυχολογία της γενικής εκπαιδεύσεως /
|c Γιώργος Π. Μαραγκουδάκης.
|
| 260 |
|
|
|a Αθήνα :
|b Δίπτυχο,
|c 1978.
|
| 300 |
|
|
|a 166 σ. ;
|c 24 εκ.
|
| 650 |
0 |
0 |
|a Educational psychology.
|
| 650 |
0 |
0 |
|a Learning, Psychology of.
|
| 650 |
0 |
0 |
|a Teaching.
|
| 650 |
0 |
0 |
|a Elementary school teaching.
|
| 852 |
|
|
|a INST
|b RHODES
|e 19960516
|h 370.15 ΜΑΡ
|p 005400001609
|q 005400001609
|t BK
|y 0
|
| 852 |
|
|
|a INST
|b RHODES
|e 19960710
|h 370.15 ΜΑΡ
|p 005400004251
|q 005400004251
|t BK
|y 0
|
| 852 |
|
|
|a INST
|b RHODES
|e 19960710
|h 370.15 ΜΑΡ
|p 005400004252
|q 005400004252
|t BK
|y 0
|
| 909 |
|
|
|a Ρ
|b 003560
|
| 909 |
|
|
|a Ρ
|b 006219
|
| 909 |
|
|
|a Ρ
|b 011556
|
| 970 |
|
|
|z 16-051996
|